00434nam a2200181Ia 4500008004100000020001800041050001400059100002000073245004300093245002300136260001500159260001600174260000900190300001500199300002000214300001000234500000800244170918s9999 xx 000 0 und d a9780545206952 bT193 2010 aTarshis, Lauren aI survived the shark attacks of 1916 / cby Lauren Tarshis. aNew York : bScholastic, c2010 a87 pages : billustrations ; c19cm. a610